[Event "Paris GCT 2017 Blitz"]
[Site "Paris"]
[Date "2017.06.24"]
[Round "7"]
[White "So, Wesley"]
[Black "Topalov, Veselin"]
[Result "1/2-1/2"]
[WhiteElo "2812"]
[BlackElo "2749"]
[Annotator "TA"]
[PlyCount "77"]
[EventDate "2017.??.??"]
[EventType "tourn"]
[EventCountry "FRA"]
[SourceTitle "playchess.com"]
[Source "ChessBase"]
[SourceQuality "1"]

{[%evp 22,77,49,52,68,0,0,0,0,20,0,22,0,-1,-15,-10,8,10,60,33,90,42,90,95,106,64,79,14,58,0,61,0,261,179,239,238,223,209,201,189,185,105,95,11,0,0,0,-260,-260,-235,-32,-525,0,0,0,-463,0,0]} 1. Nf3 d5 2. e3 g6 3. c4 Nf6 4. cxd5 Nxd5 5. d4 Bg7 6. e4 Nb6 7. Nc3 O-O 8. Be3 Bg4 9. Be2 Nc6 {[%cal Bb8c6,Bc6e5,Be5d3][%mdl 32]} 10. d5 Bxf3 11. gxf3 Ne5 12. Qb3 {LiveBook: 70 Games} c5 {D90: Grünfeld: 4 Nf3 Bg7 sidelines} (12... Qc8 13. h4 c5 14. O-O-O c4 15. Qc2 Nd3+ 16. Bxd3 cxd3 17. Rxd3 Nc4 18. Bd4 Bxd4 19. Rxd4 Qc5 20. Rhd1 {0-1 (45) Shimanov,A (2644)-Durarbayli,V (2590) Warsaw 2014}) 13. f4 (13. O-O-O $14) 13... c4 $11 14. Qc2 (14. Qb5 $5 {[%cal Rf4e5]} Nd3+ 15. Bxd3 cxd3 16. Rd1 $11 (16. Qxd3 Rc8 $11)) 14... Nd3+ $1 15. Bxd3 cxd3 16. Qxd3 Rc8 17. Bd4 $146 ({Predecessor:} 17. O-O Nc4 18. Bc1 Qa5 19. e5 f6 20. d6 exd6 {0-1 (57) Erden,K (2213)-Tutisani,N (2029) Canakkale 2013}) 17... Bxd4 18. Qxd4 Nc4 19. b3 $36 {[%mdl 2048] White is pushing.} Nd6 {...Qa5 is the strong threat.} (19... Na3 {keeps more tension.} 20. Kd2 Qc7 21. f5 Qf4+ 22. Qe3 Qe5) 20. O-O Qd7 (20... Qa5 $1 $14 21. Rfc1 Rc7) 21. Qe3 Rc7 22. Ne2 Rfc8 23. f3 Qh3 24. Rf2 (24. Rad1 $16) 24... Rc2 25. a4 ({Better is} 25. Qxa7 $14 Rb2 26. Qe3) 25... a6 {[#]} (25... f5 $11 26. exf5 Nxf5 27. Qxa7 Rd2) 26. Raf1 (26. f5 $1 $14 {[%mdl 512]}) 26... h5 $2 {[%mdl 8192]} (26... f5 $1 $11 27. exf5 Nxf5 28. Qe6+ Kg7) 27. Kh1 Rb2 {[#]} (27... e6 $142) 28. f5 $1 $18 {[%mdl 512]} Rcc2 (28... gxf5 29. Qh6) 29. Rg1 Nxf5 30. exf5 Qxf5 31. Rfg2 (31. Qxe7 Rxe2 32. Rxe2 Qxf3+ 33. Reg2 Rxg2 $11) ({White should try} 31. Rd1 $1 $18) 31... Qxd5 $16 32. Qf4 ({Don't play} 32. Qxe7 $6 Qxf3 33. Qd8+ Kg7 $11) (32. Nd4 $16 Rxg2 33. Rxg2 Rb1+ 34. Rg1) 32... Kh7 $11 ({Inferior is} 32... Rxe2 33. Rxg6+ $1 {[%mdl 512]} fxg6 34. Rxg6+ Kh8 35. Qh6#) 33. Rg5 (33. Nc3 $5 Qxb3 34. Ne4 $11) 33... Qe6 34. Qd4 $2 {[%mdl 8192]} (34. Qb8 $11 {and White stays safe.} Qf6 35. Rxh5+ gxh5 36. Qg8+ Kh6 37. Qf8+ Kh7 38. Qg8+ Kh6 39. Qf8+ Kh7 40. Qg8+) 34... Qf6 $1 $19 {[%cal Rf6d4] ( -> ...Qxd4)} ({But not} 34... Qh3 $2 35. Qd5 $18) 35. Rxh5+ gxh5 $2 (35... Kg7 $1 $19 36. Re1 Rxe2 37. Qxf6+ Kxf6 38. Rxe2 Rxe2) 36. Qd3+ $2 {[%mdl 8192]} (36. Qe4+ $1 $15 Qg6 37. Rxg6 Rxe2 38. Qxe2 Rxe2 39. Rb6) 36... Kh6 37. Qe3+ Kh7 38. Qd3+ {[#]} Kh6 $2 (38... Qg6 $1 $19 {[%cal Rg6d3][%mdl 512]} 39. Rxg6 fxg6) 39. Qe3+ {Precision: White = 34%, Black = 31%.} 1/2-1/2

[Event "Paris GCT 2017 Blitz"]
[Site "Paris"]
[Date "2017.06.24"]
[Round "7"]
[White "Caruana, Fabiano"]
[Black "Bacrot, Etienne"]
[Result "1/2-1/2"]
[WhiteElo "2808"]
[BlackElo "2708"]
[Annotator "TA"]
[PlyCount "91"]
[EventDate "2017.??.??"]
[EventType "tourn"]
[EventCountry "FRA"]
[SourceTitle "playchess.com"]
[Source "ChessBase"]
[SourceQuality "1"]

{[%evp 9,91,33,49,36,41,33,48,5,11,7,0,-1,20,0,25,15,123,131,144,138,172,82,83,57,73,56,67,70,65,55,71,54,88,85,86,77,92,62,57,49,74,50,52,0,82,87,246,137,189,119,293,72,74,82,72,47,59,29,32,35,32,22,149,124,88,0,0,0,0,-10,0,0,8,8,8,0,0,0,2,0,0,0,0,0]} 1. c4 e5 2. Nc3 Nf6 3. Nf3 Nc6 4. e3 d6 5. d4 g6 {LiveBook: 57 Games} 6. Bd3 {[%cal Bf1d3,Bd3c2,Bc2a4,Ba4b3][%mdl 32] A28: English Opening: Four Knights Variation} (6. g3 Bg7 7. Bg2 O-O 8. O-O Bf5 9. h3 Qc8 10. Kh2 Re8 11. d5 Ne7 12. Nh4 Bd7 13. e4 Rf8 14. b4 a5 15. bxa5 Rxa5 16. a4 {1-0 (42) Vitiugov,N (2742)-Movsesian,S (2672) Dubai 2014}) 6... Bg7 7. O-O O-O 8. h3 {White is slightly better.} (8. d5 $5 {[%cal Rd5c6]} Nb4 9. Bb1 $14) 8... Re8 {Threatens to win with ...e4.} 9. Bc2 exd4 $146 ({Predecessor:} 9... Nd7 10. d5 Nb4 11. Bb1 a5 12. a3 Na6 13. b4 Nf8 14. b5 Nc5 {0-1 (46) Severich,J (1245)-Saavedra,C (2159) La Paz 2016}) 10. exd4 d5 11. cxd5 Nb4 12. Ba4 Bd7 (12... Re7 $11) 13. Bb3 $1 $16 Bf5 {[%cal Rf6d5]} 14. Bg5 Qd6 {[%cal Rb4d5]} 15. Ne5 (15. g4 $1 $18 {is more deadly.}) 15... Ne4 16. Bf4 Nxc3 17. bxc3 Nxd5 18. Bg3 Qd8 19. Qf3 c6 20. Rad1 f6 21. c4 $1 {[%cal Rc4d5]} Nb4 22. Ng4 $36 {[%mdl 2048] White is in control.} Qd7 23. Bd6 a5 $1 24. Bxb4 {aiming for c5+.} axb4 25. c5+ Kh8 26. Qg3 (26. Ne3 $14) 26... Be4 (26... Bxg4 $11 {keeps the balance.} 27. hxg4 f5) 27. Ne3 g5 $2 {[#]} (27... Rad8 $16 {was called for.}) 28. d5 (28. Nc4 $1 $18) 28... cxd5 {[#]} (28... Bxd5 $16 29. Nxd5 cxd5) 29. Nxd5 (29. f3 $1 $18 {[%cal Rf3e4]} Bg6 30. Nxd5) 29... Qc6 $2 (29... Bxd5 $16 30. Rxd5 Qc8) 30. Qd6 $2 (30. Nc7 $18) 30... Rad8 31. Qxc6 bxc6 32. Nxb4 Bf8 33. Rc1 Rb8 34. Rc4 Rb5 35. Rfc1 {And now Ba4 would win.} Reb8 (35... Re5 $11) 36. a3 Bd5 37. R4c3 ({White should play} 37. Nxd5 $16 {Black must now prevent Nb4.} Rxb3 38. Nxf6) 37... Bxb3 $11 {The position is equal.} 38. Rxb3 Rxc5 39. Rd1 Rcb5 {...c5 is the strong threat.} 40. Rf3 Bxb4 (40... c5 $5 {[%cal Rc5b4]} 41. Nd5 c4 42. Nxf6 Rb1 $11) 41. axb4 {KRR-KRR} Kg7 42. Rd7+ Kg6 43. Rd6 Rf8 44. Rxc6 Rxb4 45. Rd3 Rb7 46. Rdd6 {Precision: White = 44%, Black = 32%.} (46. h4 $5) 1/2-1/2

[Event "Paris GCT 2017 Blitz"]
[Site "Paris"]
[Date "2017.06.24"]
[Round "7"]
[White "Vachier-Lagrave, Maxime"]
[Black "Carlsen, Magnus"]
[Result "1-0"]
[WhiteElo "2796"]
[BlackElo "2832"]
[Annotator "TA"]
[PlyCount "140"]
[EventDate "2017.??.??"]
[EventType "tourn"]
[EventCountry "FRA"]
[SourceTitle "playchess.com"]
[Source "ChessBase"]
[SourceQuality "1"]

{[%evp 11,140,18,13,11,31,16,19,8,16,9,28,19,22,33,31,21,33,18,38,14,38,0,0,0,-27,-25,-27,-25,-26,-31,0,0,0,0,0,0,0,0,0,-32,-42,-40,-41,-47,-50,-50,0,-316,0,0,0,0,39,51,51,41,41,31,31,31,31,31,165,157,174,168,197,215,187,196,183,178,489,507,486,426,491,366,493,8,8,8,8,8,8,8,8,8,8,0,0,0,0,0,0,0,8,8,8,8,8,0,0,0,0,0,8,8,376,348,541,541,541,506,1496,1387,29976,29977,29979,29978,29977,29979,29980,29980,29980,29981,29981,29982,29982,29983,29983]} 1. e4 e5 2. Nf3 Nc6 3. Bc4 Bc5 4. c3 Nf6 5. d3 a6 6. O-O d6 7. a4 {C54: Giuoco Piano: 4 c3 Nf6, main lines with 5 d4 and 5 d3} Ba7 8. Re1 O-O 9. h3 {The position is equal.} h6 (9... Ne7 10. d4 Ng6 11. Nbd2 c6 12. Bd3 Re8 13. Bc2 h6 14. Nf1 exd4 15. cxd4 {1-0 (40) Kramnik,V (2808)-Carlsen,M (2832) Stavanger 2017}) 10. Nbd2 {[%cal Bb1d2,Bd2f1,Bf1g3][%mdl 32]} Re8 11. b4 Be6 12. Bxe6 Rxe6 13. Nf1 Ne7 14. Ng3 $146 Ng6 15. d4 Qd7 16. d5 Ree8 17. a5 c6 18. c4 cxd5 19. cxd5 Rac8 20. Qd3 Rc7 21. Bd2 Rec8 22. Nf5 Rc4 23. Rac1 Rxe4 24. Rxc8+ ({Wrong is} 24. Rxe4 $2 Rxc1+ 25. Bxc1 Qxf5 $17) 24... Qxc8 25. Nxd6 ({Don't go for} 25. Rxe4 $2 Qxf5 26. Rd4 Qxd3 $19) (25. Nxh6+ $5 gxh6 26. Rxe4 $11) 25... Rxe1+ 26. Nxe1 Qd7 27. Ne4 Nxd5 {[#]} 28. Bxh6 $1 {[%mdl 512]} Bd4 (28... gxh6 29. Qxd5) 29. Qc4 $2 {[%mdl 8192]} (29. Bd2 $1 $11) 29... Qc6 $2 ({Not} 29... gxh6 30. Qxd5 $1 {[%mdl 512]} Qxd5 31. Nf6+ Kg7 32. Nxd5 $15) (29... f5 $1 $19 30. Ng3 gxh6) 30. Qxc6 $11 bxc6 31. Bd2 f5 32. Nd6 Nge7 33. Nf3 Ba1 34. Nb7 e4 35. Ng5 Nc7 36. Nc5 Bd4 (36... Be5 $14) 37. Nge6 $18 Nxe6 38. Nxe6 $16 {[%mdl 4096] Endgame KBN-KBN} Ba7 39. Nc7 Nd5 40. Nxa6 Kf7 41. Nc5 Bxc5 $2 (41... Ke7 42. Nb3 Kd6) 42. bxc5 $18 {KB-KN} Nc7 43. h4 Na6 44. Be3 g6 45. g4 $2 ({Better is} 45. Kh2 $18 {aiming for g4!} Ke6 46. Kh3) 45... fxg4 $11 46. Kg2 {Black must now prevent Kg3.} Ke6 47. Kg3 Kf5 $1 48. Bd4 Nb4 49. Kg2 Na6 50. Be3 Ke5 51. Kh2 Ke6 52. Kg3 Kf5 $1 53. Bd4 Nb4 54. Bb2 Na6 55. Ba3 Nc7 56. Kg2 Na6 57. Kf1 Ke5 58. Ke2 Kd4 59. Bb2+ Kxc5 $2 {[%mdl 8192]} (59... Kc4 $11 {and Black has nothing to worry.}) 60. Ke3 $18 Kd5 (60... Kb5 $142 61. Kxe4 Nb4) 61. Kf4 Nc5 {Threatening ...Nd3+.} 62. Kxg4 Kc4 (62... Ke6 $142 63. Ba3 Na6) 63. Ba3 Kb5 64. Bxc5 {White mates.} Kxc5 {K3P-K3P} 65. Kf4 Kb5 66. Kxe4 Kxa5 67. f4 {[%cal Bf2f4,Bf4f5,Bf5f6][%mdl 32]} c5 {[#]} 68. h5 $1 {[%mdl 512]} gxh5 69. f5 h4 {[#]} 70. f6 $1 h3 {Precision: White = 63%, Black = 46%.} 1-0

[Event "Paris GCT 2017 Blitz"]
[Site "Paris"]
[Date "2017.06.24"]
[Round "7"]
[White "Nakamura, Hikaru"]
[Black "Mamedyarov, Shakhriyar"]
[Result "1-0"]
[WhiteElo "2785"]
[BlackElo "2800"]
[Annotator "TA"]
[PlyCount "51"]
[EventDate "2017.??.??"]
[EventType "tourn"]
[EventCountry "FRA"]
[SourceTitle "playchess.com"]
[Source "ChessBase"]
[SourceQuality "1"]

{[%evp 14,51,3,-15,93,-26,-22,-31,0,0,0,-41,-25,-20,-20,-22,-11,-22,0,0,0,0,42,-1,167,185,204,200,421,406,416,412,444,435,974,954,1160,1141,1741,1759]} 1. Nf3 Nf6 2. c4 g6 3. Nc3 d5 4. cxd5 Nxd5 5. Qa4+ Bd7 6. Qh4 Nxc3 7. Qd4 f6 8. Qxc3 (8. dxc3 {keeps more tension.} Nc6 9. Qd1 e5 10. e4 Qe7 11. Bc4) 8... e5 {[#] A16: English Opening: 1...Nf6 with ...d5} (8... Nc6 $11) 9. e4 ({White has to play} 9. Nxe5 $1 $16 {[%mdl 512]} Bf5 (9... fxe5 10. Qxe5+) 10. Nf3) (9. d3 a5 10. Qc2 Bb4+ 11. Bd2 Nc6 12. e3 Qe7 13. a3 {½-½ (13) Miton,K (2638)-Mikhalevski,V (2571) Montreal 2006}) 9... Nc6 $11 10. a3 Bd6 {Black is slightly better.} 11. Bc4 Qe7 12. h3 $146 ({Predecessor:} 12. d3 Bc5 13. Be3 Bb6 14. O-O-O O-O-O 15. Bd5 Kb8 16. d4 exd4 17. Nxd4 Nxd4 18. Bxd4 Bxd4 19. Rxd4 {½-½ (24) Savchenko,S (2532)-Schmidt,W (2435) Legnica 2006}) 12... O-O-O 13. d3 Kb8 14. Be3 g5 15. b4 Qg7 16. b5 Ne7 $1 17. a4 $36 {[%mdl 2048] White has some pressure.} f5 18. a5 g4 $2 (18... f4 $11 19. Bc1 h5) 19. hxg4 $18 {aiming for a6.} f4 {[#]} 20. Bxf4 $1 {[%cal Rf3e5][%mdl 512]} Qxg4 $2 (20... Bb4 21. Qxb4 exf4) (20... exf4 21. Qxg7) 21. Bg3 Ng6 22. b6 Nf4 23. Kf1 {White is clearly winning.} cxb6 (23... Rhf8 $142 24. a6 (24. Nxe5 $2 Qxg3 25. bxa7+ Ka8 $19) 24... cxb6) 24. axb6 axb6 25. Rh4 Qg6 26. Nxe5 {Precision: White = 57%, Black = 24%.} 1-0

[Event "Paris GCT 2017 Blitz"]
[Site "Paris"]
[Date "2017.06.24"]
[Round "7"]
[White "Karjakin, Sergey"]
[Black "Grischuk, Alexander"]
[Result "1-0"]
[WhiteElo "2781"]
[BlackElo "2761"]
[Annotator "TA"]
[PlyCount "115"]
[EventDate "2017.??.??"]
[EventType "tourn"]
[EventCountry "FRA"]
[SourceTitle "playchess.com"]
[Source "ChessBase"]
[SourceQuality "1"]

{[%evp 17,115,5,5,5,12,0,20,-27,-21,-27,8,-22,-8,-25,-17,-22,-19,-26,0,-12,0,0,0,0,-4,-16,-25,-47,35,0,13,12,40,37,31,44,64,68,64,67,101,0,0,0,6,-22,169,-15,60,13,15,9,1,6,156,0,0,0,0,0,0,0,0,0,0,0,0,0,0,0,32,31,35,45,70,70,70,67,79,72,95,92,163,162,157,125,230,230,284,284,272,270,396,387,449,441,706,699,851,830]} 1. d4 Nf6 2. Bf4 d5 3. e3 e6 4. Nf3 c5 5. c3 Nc6 6. Nbd2 cxd4 7. exd4 {D02: 1 d4 d5 2 Nf3 sidelines, including 2...Nf6 3 g3 and 2...Nf6 3 Bf4} Nh5 8. Bg5 f6 9. Be3 Bd6 {LiveBook: 10 Games} 10. Bb5 O-O 11. O-O g6 $146 ({Predecessor:} 11... a6 12. Ba4 Bd7 13. Ne1 Nf4 14. g3 Nh3+ {1-0 (52) Karjakin,S (2781)-Nakamura,H (2785) Stavanger 2017}) 12. Ne1 Qc7 13. g3 Ne7 14. Ndf3 Ng7 15. Bh6 Nef5 16. Bc1 g5 17. Ng2 Qf7 18. Re1 Bd7 19. a4 a6 20. Bd3 Rae8 21. b3 h6 22. c4 Kh8 (22... dxc4 $15 23. bxc4 Bb4) 23. Ba3 Bxa3 24. Rxa3 Bc6 25. c5 a5 26. Ra2 Ne7 27. Bb1 Bd7 28. Qd3 {[%csl Gb1][%cal Rd3h7] [#]} Qg8 29. h4 ({White should try} 29. Rae2 $16) 29... Ngf5 $11 30. hxg5 hxg5 31. Ne3 (31. g4 $5 {[%cal Rg4f5]} Nh6 32. Rd2 $14) 31... Nxe3 $2 (31... Nc6 $11) 32. Qxe3 $2 ({Stronger than} 32. Rxe3 Nc6 $11) (32. fxe3 $18 {White wants to mate with Rh2+.} Kg7 33. Rh2) 32... Nf5 (32... Kg7 $11) 33. Qc1 Qf7 34. Kg2 {Black must now prevent g4.} Kg7 35. Nxg5 Qh5 ({Better is} 35... Qg6 $11 36. Nf3 (36. Bxf5 Qxf5 37. Nf3 Rh8 $15) 36... Rh8) 36. Nf3 $2 (36. Bxf5 $1 $16 exf5 37. Nh3 (37. Rxe8 Qxe8 38. Nh3 Qe4+ 39. f3 Qxd4 $16)) 36... Rh8 {[#] ( -> ...Qh3+)} 37. Rh1 Qg4 38. Qf4 Qxf4 39. gxf4 Rxh1 40. Kxh1 Ne7 41. Kg2 Nc6 42. Rd2 Rg8 43. Kf1 Be8 44. f5 Bh5 45. Nh4 Bf7 46. fxe6 Bxe6 47. Nf5+ Kf8 48. Nd6 Bh3+ 49. Ke2 Rg1 (49... Ke7 $16) 50. Bc2 $18 Rg7 51. Ke3 Nb4 (51... b6 $16 52. cxb6 Rd7) 52. Bd3 Be6 53. f3 Nc6 54. Bb5 Ne7 (54... Rh7 {keeps fighting.} 55. Kd3 Nd8) 55. Rh2 Ng6 56. Rh6 {White is clearly winning.} Bg8 (56... Re7 $142 57. Bd3 f5) 57. Bd3 Re7+ 58. Kd2 {Precision: White = 57%, Black = 35%.} 1-0

[Event "Paris GCT 2017 Blitz"]
[Site "Paris"]
[Date "2017.06.24"]
[Round "8"]
[White "Carlsen, Magnus"]
[Black "Nakamura, Hikaru"]
[Result "1/2-1/2"]
[WhiteElo "2832"]
[BlackElo "2785"]
[Annotator "TA"]
[PlyCount "220"]
[EventDate "2017.??.??"]
[EventType "tourn"]
[EventCountry "FRA"]
[SourceTitle "playchess.com"]
[Source "ChessBase"]
[SourceQuality "1"]

{[%evp 19,220,23,20,15,12,11,8,8,11,12,16,13,27,20,37,36,53,53,47,40,36,48,57,61,56,59,76,2,18,4,16,0,46,51,50,0,33,32,40,27,32,0,15,15,15,14,22,18,22,-56,-43,-54,-60,-37,-39,-77,-27,-51,0,0,0,0,0,0,0,0,0,0,6,0,0,0,0,0,7,0,2,0,0,0,0,0,0,0,0,0,0,0,0,0,0,0,0,0,0,0,0,0,0,0,2,4,12,0,0,0,12,7,14,0,0,0,0,0,0,0,0,-144,0,0,0,0,0,0,0,-3,0,-5,0,-8,0,0,0,0,0,0,0,0,0,0,0,0,0,0,0,0,18,18,20,16,26,26,4622,18,18,18,22,16,18,16,22,20,26,26,28,28,28,28,28,22,26,20,20,20,20,20,20,16,16,16,16,16,16,16,16,16,16,16,16,16,16,16,16,16,16,16,18,18,18,16,16,0,0]} 1. e4 e5 2. Nf3 Nc6 3. Bc4 Bc5 4. O-O Nf6 5. d3 d6 6. c3 a6 7. a4 O-O 8. h3 {C54: Giuoco Piano: 4 c3 Nf6, main lines with 5 d4 and 5 d3} Ba7 9. Re1 Ne7 10. d4 Ng6 {LiveBook: 9 Games} 11. Bb3 (11. Nbd2 c6 12. Bd3 Re8 13. Bc2 h6 14. Nf1 exd4 15. cxd4 {1-0 (40) Kramnik,V (2808)-Carlsen,M (2832) Stavanger 2017}) 11... Bd7 $146 ({Predecessor:} 11... d5 12. exd5 exd4 13. cxd4 Nxd5 14. Nc3 Ndf4 15. Ne4 Bf5 16. Bxf4 Nxf4 17. Qd2 {½-½ (44) Miljanic,B (2423)-Vajda,S (2352) Bucharest 2001}) 12. Bc2 Re8 13. Nbd2 {[%cal Bb1d2,Bd2f1,Bf1g3][%mdl 32]} Bc6 14. a5 h6 15. Ra3 Qc8 16. b4 Bd7 17. Nf1 b6 18. Ng3 bxa5 19. bxa5 Rb8 20. Be3 Qb7 21. Rb3 Qa8 $1 22. Rxb8 Qxb8 23. dxe5 (23. Qd3 $16) 23... dxe5 24. Bxa7 (24. Nh5 $5 Nxh5 25. Qxd7 Bxe3 26. Rxe3 $11) 24... Qxa7 25. Nh5 Nxh5 (25... Be6 $5 {[%cal Rf6h5]} 26. Nxf6+ gxf6 $11) 26. Qxd7 Nf6 {[%cal Bh5f6,Bf6e8,Be8d6][%mdl 32]} 27. Qc6 Re6 (27... Ne7 $5 {[%cal Re7c6]} 28. Qc4 Nc8 $14) 28. Qc4 Ne8 29. g3 Nd6 30. Qd3 Kh7 31. Kg2 Qc5 32. Bb3 Rf6 33. h4 Qxa5 34. Nh2 (34. Qd5 $11 Qb6 35. h5) 34... Qb6 $15 35. Qc2 {[#]} Rxf2+ $1 {[%mdl 512]} 36. Qxf2 Qxb3 37. Nf3 Qxc3 (37... f6 {is interesting.} 38. Qe2 a5 39. c4 Qc3 40. Qd2 Qxc4 41. Qxa5 Ne7) 38. Qe3 Qxe3 (38... Qb2+ $15 39. Qe2 Qb7) 39. Rxe3 {[%mdl 4096] Endgame KRN-KNN} h5 40. Nd2 Nf8 41. Ra3 Ne6 42. Rxa6 f6 43. Kf3 Nd4+ 44. Kf2 Kg6 45. Ra8 Ne6 46. Ke3 Nd4 47. Ra2 Kf7 48. Kd3 Ne6 49. Rc2 Ke7 50. Nf1 Nb7 51. Ra2 g6 52. Ra8 Nd6 53. Ra5 Nb7 54. Ra8 Nd6 55. Ra5 Nb7 56. Ra8 Nec5+ 57. Ke3 Nd6 58. Nd2 f5 59. exf5 Nxf5+ 60. Kf3 Nd4+ 61. Ke3 Nf5+ 62. Kf3 Nd4+ 63. Kf2 Nf5 64. Rg8 e4 65. Nc4 Nd3+ 66. Ke2 Nxg3+ 67. Ke3 Kf6 68. Rc8 (68. Rf8+ $11 Ke6 69. Nd2) 68... Nc5 (68... Nf5+ $17 69. Ke2 Nf4+ 70. Kf2 Nd3+ 71. Kf1 Nxh4) 69. Rxc7 $11 Nf5+ 70. Kf2 Nd3+ 71. Ke2 Nf4+ 72. Kf2 Nd3+ 73. Ke2 Nf4+ 74. Kf2 Nxh4 {White must now prevent ...Nf5.} 75. Rc6+ Kg5 {[#] Strongly threatening ...Nf5.} 76. Nd6 e3+ (76... Nf5 {keeps more tension.} 77. Nxe4+ Kh4 78. Ra6 Nh3+ 79. Ke2 g5) 77. Kxe3 Nf5+ 78. Nxf5 Kxf5 {KR-KN} 79. Kf3 {Rc5+ is the strong threat.} g5 80. Rc5+ Kf6 81. Ke4 h4 82. Rc6+ Kf7 83. Kf5 h3 84. Kxg5 Ne2 85. Rh6 Ng1 $2 {[%mdl 8192]} (85... Ke7 $11) 86. Kg4 $2 (86. Kf4 $18 Ne2+ 87. Ke4 Nc3+ 88. Ke5) 86... Kg7 87. Rh4 Kg6 88. Kg3 Ne2+ 89. Kf3 Nc3 90. Rxh3 Nd5 91. Ke4 Nf6+ 92. Ke5 {White wants to mate with Rg3+.} Ng4+ 93. Kf4 Nf6 94. Rd3 Kf7 95. Ke5 {And now Rf3 would win.} Ke7 {The position is equal.} 96. Rb3 Nd7+ 97. Kd5 Nf6+ 98. Kc6 Ke6 99. Rf3 Ke5 100. Rf1 Ke6 101. Re1+ Kf5 102. Kd6 Ne4+ 103. Kd5 Nf6+ 104. Kd4 Ng4 105. Rf1+ Ke6 106. Rg1 Kf5 107. Ra1 Ke6 108. Ra5 Nf6 109. Ra6+ Kf5 110. Rxf6+ Kxf6 {Precision: White = 66%, Black = 67%.} 1/2-1/2

[Event "Paris GCT 2017 Blitz"]
[Site "Paris"]
[Date "2017.06.24"]
[Round "8"]
[White "Mamedyarov, Shakhriyar"]
[Black "So, Wesley"]
[Result "1/2-1/2"]
[WhiteElo "2800"]
[BlackElo "2812"]
[Annotator "TA"]
[PlyCount "156"]
[EventDate "2017.??.??"]
[EventType "tourn"]
[EventCountry "FRA"]
[SourceTitle "playchess.com"]
[Source "ChessBase"]
[SourceQuality "1"]

{[%evp 20,156,0,0,20,19,43,22,33,0,23,-6,-12,0,9,16,31,-38,-38,-35,-17,-20,-33,-27,-21,-14,-9,-42,-7,-7,0,-56,0,0,0,0,0,0,0,0,0,0,0,0,0,0,0,0,0,0,0,0,0,0,0,0,0,0,0,0,42,37,40,0,3,0,0,0,0,0,0,0,0,0,0,0,0,0,0,0,0,0,0,0,0,0,0,0,0,0,0,0,0,0,0,0,0,0,0,0,0,0,0,0,0,0,0,0,0,0,0,0,0,0,0,0,0,0,0,0,0,0,0,0,0,0,0,0,0,0,0,0,0,0,0,0,0,0,0]} 1. d4 Nf6 2. Nf3 e6 3. e3 c5 4. Bd3 d5 5. b3 b6 6. O-O Bb7 7. Bb2 Bd6 8. Nbd2 O-O 9. Qe2 Nbd7 10. c4 cxd4 {E14: Queen's Indian: Classical Variation (4 e3)} 11. exd4 {LiveBook: 5 Games} Re8 (11... Qe7 12. Ne5 Ba3 13. Bxa3 Qxa3 14. f4 Qb2 15. Nef3 dxc4 16. bxc4 Bxf3 17. Nxf3 Qxe2 18. Bxe2 {½-½ (123) Carlsen,M (2840)-Giri,A (2773) Wijk aan Zee 2017}) 12. Ne5 Bf8 $146 ({Predecessor:} 12... Qe7 13. Rad1 Ba3 {½-½ (34) Taimanov,M (2505)-Vulicevic,N (2320) New York 1992}) 13. Rad1 Rc8 14. Rfe1 Rc7 15. Qe3 dxc4 16. bxc4 g6 17. Ndf3 Bg7 18. Ng5 (18. Nxf7 $1 $14 Kxf7 19. Ng5+ Kg8 20. Nxe6) 18... Nxe5 $15 19. dxe5 Nd7 $1 20. Qf4 Qe7 $1 21. Ba3 Nc5 22. h4 Rd8 23. Bc2 {[#] Strongly threatening Qxf7+!} (23. Bxc5 $5 bxc5 24. Be4 $11) 23... Rxd1 (23... Rcd7 {looks sharper.} 24. Rxd7 Rxd7 25. Ne4 Bxe4 26. Rxe4 Qd8) 24. Rxd1 Rd7 25. Rd6 (25. Rxd7 $11 Qxd7 26. Bxc5 bxc5 27. Ba4) 25... Bxe5 ({Black should try} 25... Rxd6 $1 $15 26. exd6 Qf6 27. Qxf6 Bxf6) 26. Rxd7 $11 Nxd7 27. Qxe5 $1 ({But not} 27. Bxe7 Bxf4 28. g3 Be5 $17) 27... Qxa3 28. Qc7 $1 {[%cal Rc7d7]} Qc1+ 29. Kh2 Qxc2 30. Qxd7 Qxf2 {[%csl Gb7][%cal Rf2g2] [#]} 31. Qxb7 Qxh4+ 32. Nh3 Qxc4 33. Qxa7 h6 34. a3 Qc5 35. Qa8+ Kg7 36. Qf3 g5 37. Nf2 f5 38. g3 h5 39. Qe2 Qd6 40. Qxh5 Qd2 41. Kg2 g4 {The position is equal.} 42. Qe8 {Hoping for Qe7+.} Qd5+ 43. Kg1 Qd6 44. Kh2 Qc5 45. Qd7+ Kf6 46. Qd8+ Kf7 47. Qd7+ Kf6 48. Qd2 Qxa3 49. Qd8+ Kf7 50. Qxb6 (50. Nd3 $5 {[%cal Rd3e5]} Qa2+ 51. Kg1 $11) 50... Qf3 51. Qc7+ Kf6 52. Kg1 Qe3 53. Qd6 Qc1+ (53... Kg6 {feels hotter.} 54. Kf1 Kh5 55. Kg2 e5 56. Qd3 Qf3+) 54. Kg2 Qe3 55. Qf8+ Kg6 56. Qe8+ Kf6 57. Qd8+ Kf7 58. Qa8 Kf6 59. Qa1+ Kg6 60. Qd1 e5 {[%cal Be6e5,Be5e4,Be4e3][%mdl 32]} 61. Qd6+ Kf7 62. Qd7+ Kf6 63. Qc6+ Kg5 64. Qd5 (64. Nd1 $5 {[%cal Rd1e3]} Qe2+ 65. Nf2 $11) 64... e4 65. Qd8+ Kg6 66. Qd6+ Kg5 67. Qe7+ Kg6 68. Qe5 Qf3+ 69. Kg1 e3 70. Qe6+ Kg5 71. Qe7+ Kg6 72. Qd6+ Kg7 73. Qd4+ Kg6 74. Qd6+ Kg7 75. Nd3 Qd1+ 76. Kg2 {Qe7+ is the strong threat.} Qe2+ 77. Kg1 {aiming for Qe7+.} Qd1+ 78. Kg2 {Threatens to win with Qe7+.} Qe2+ {Precision: White = 65%, Black = 68%.} 1/2-1/2